Les 10 sports les plus pratiqués au monde - Statistiques

Statistiques générales
  • Ce quiz a été pris 534 fois
  • Le résultat moyen est 6 sur 10
Statistiques - réponses
Pratiquants Sport % Correct
3,5 Md Football
99%
800 Mio Basket-ball
89%
1 Md Tennis
86%
475 Mio Rugby
75%
500 Mio Base-ball
53%
900 Mio Volley-ball
53%
400 Mio Golf
51%
850 Mio Tennis de table
37%
2 Md Hockey
36%
2,5 Md Criquet
20%
Aucun quiz correspondant
Distribution des résultats
% des personnes avec chaque résultat
Percentile par nombre de réponses
Votre historique - résultats
Vous n’avez pas pris ce quiz